Statystyki dla Europa Wschodnia - Quiz na mapie

Kliknij tutaj aby rozwiązać quiz!

Ogólne statystyki

  • Ten quiz został rozwiązany 35 289 razy
  • Średni wynik to 17 z 21

Odpowiedzi na mapie

Odpowiedzi skodowane kolorowo w zielono-czerwonej skali na mapie do tego quizu, zgodnie z poniższymi procentami.
 

Statystyki odpowiedzi

Odpowiedź% Poprawnych
Polska
96%
Rosja
95%
Białoruś
93%
Litwa
92%
Ukraina
92%
Estonia
90%
Łotwa
90%
Czechy
88%
Rumunia
84%
Słowacja
84%
Chorwacja
80%
Mołdawia
79%
Węgry
79%
Bułgaria
74%
Kosowo
73%
Słowenia
73%
Bośnia i Hercegowina
71%
Serbia
71%
Albania
70%
Macedonia Północna
66%
Czarnogóra
63%

Rozkład punktacji

Percentyl według liczby udzielonych odpowiedzi

Procent ludzi z każdym wynikiem

Twoja historia wyników

Nie rozwiązałeś tego quizu